| 000 | 00976cam a22002652 4500 | ||
|---|---|---|---|
| 001 | 0000004455 | ||
| 005 | 20151217145809.0 | ||
| 008 | 070523s xx 000 0 eng d | ||
| 020 |
_a0070278938 : _cKES 300 (donation) |
||
| 040 |
_aKABU _cKABU |
||
| 050 | 0 |
_aQA76.9 _b.D35H45 1996 |
|
| 100 | 1 |
_aHeileman, Gregory L. _@0000155032 |
|
| 245 | 1 | 0 |
_aData structures, algorithms and object-oriented programming / _cGregory L. Heileman. |
| 260 |
_aNew York : _bMcGraw-Hill, _cc1996. |
||
| 300 | _axvi, 446 p. | ||
| 650 | 0 |
_aData structures (Computer science) _@0000148379 |
|
| 650 | 0 |
_aComputer algorithms. _@0000148170 |
|
| 908 | _a070523 | ||
| 950 | _@1 | ||
| 999 |
_c2697 _d2697 |
||